00484 2200193 4500001002100000005001500021035002000036008004100056245006100097100001200158250000600170260004300176300001100219084001400230082000800244650001400252990001200266990001200278INLIS00000000000035920240503072623 a0010-0424000335240503 0 ind 1 aGotong Royong Sebagai Budaya Bangsa Indonesia /cWinarti aWinarti a1 aKlaten :bSaka Mitra Kompetensi,c2016 a52 hlm a300 WIN g a300 4aNon Fiksi a0728679 a0728680